000 00368nam a2200145Ia 4500
008 230917s9999||||xx |||||||||||||| ||und||
040 _e42514
_aMAIN
041 _aEnglish
082 _a820.016 V784V
100 _aPollard, Arthur, intd
245 4 _aThe victorian period: excluding the novel
260 _aLondon
_bMacmillan
_c1983
300 _a219 p.
942 _cBK
999 _c51963
_d51963